| 000 | 00476nam a22001937a 4500 | ||
|---|---|---|---|
| 003 | CEME | ||
| 005 | 20210628202740.0 | ||
| 008 | 210104b xxu||||| |||| 00| 0 eng d | ||
| 020 | _a8123904126 | ||
| 040 | _cceme | ||
| 082 | _a670.42 CHA | ||
| 100 |
_aChapman, W.A.J _910212 |
||
| 245 | _aWorkshop technology-part-3 | ||
| 250 | _a3RD | ||
| 260 |
_aINDIA _bCBS PUBLISHER _c2001 |
||
| 300 | _a675P | ||
| 650 |
_aTEXTBOOK-DEE.WORKSHOP TECHNOLOGY _961410 |
||
| 942 |
_cBK _2ddc |
||
| 999 |
_c570872 _d570872 |
||